000 01148nam a2200313Ia 4500
003 OSt
005 20221007125140.0
006 a|||||r|||| 00| 0
007 ta
008 221006b |||||||| |||| 00| 0 eng d
020 _a0397516886 (hbd)
_c
_ 91.00
024 _a5014
037 _bEducational,
_cTextual
040 _aCDL
_cCDL
_beng
041 _2eng
_aeng
082 _aE:3,E5, N7
100 _aWatson J Throck
_9721609
245 0 _aIntroduction to mass spectrometry by J Throck Watson
250 _aEd 3
260 _aPhiladelphia
_bLippincott-Raven Publishers
_c1997
300 _aix, 496p
_ccm.
490 _vTables given at the end of the book [3p]
500 _aIncludes bibliographical references; Appendix 453-469p; Index 471-496p; ^n23/CSL/Carc/97-98/4901^d1997-11-20^mPurchase; ; 97-98/450^b1998-03-20^cEBA/285/97-98^d1998-03-17^eEducational Book Agenct (India); ; 1998-04-07^c1998-04-07^r1998-09-04
650 _a Analytical chemistry
650 _a Spectrometry
_9715865
650 _aChemistry
942 _hE:3,E5, N7
_cTEXL
_2CC
999 _c1214760
_d1214760